La vraie taille des animaux - Statistiques

Statistiques générales
  • Ce quiz a été pris 2 593 fois
    1 673 depuis la dernière actualisation
  • Le résultat moyen est 11 sur 15
Statistiques - réponses
Question Réponse % Correct
Hippopotame
97%
Colibri d'Elena
95%
Hippocampe
94%
Manchot empereur
92%
Lynx boréal
89%
Tatou commun
84%
Kangourou roux
83%
Calmar géant
78%
Pélican blanc
68%
Éléphant de mer du nord
67%
Poisson-lune (môle)
55%
Ornithorynque
47%
Grand requin blanc
45%
Panda géant
37%
Raie manta
34%
Aucun quiz correspondant
Distribution des résultats
% des personnes avec chaque résultat
Percentile par nombre de réponses
Votre historique - résultats
Vous n’avez pas pris ce quiz depuis la dernière actualisation